Česká demokracie po roce 1989 : institucionální základy českého politického systému / Jan Bureš ... [et al.]
První kapitola sleduje zhroucení komunistického režimu v Československu a jeho příčiny, druhá kapitola popisuje politický vývoj v zemi během let 1989-1992, který byl charakterizován přechodem od totality k demokracii, třetí se zaměřuje na vývoj a postavení ústavních institucí ČR v letech 1993-2010, další mapuje volební systémy užívané v našem prostředí, pátá charakterizuje vývoj stranického systému a politických stran v ČSFR a ČR, šestá hodnotí vznik a fungování českých vlád do roku 2010 a závěrečná se pokouší o rozbor politické kultury v ČR.
Utváření nového politického systému po pádu komunismu a charakteristika politického vývoje v Československu a České republice.
Record details
- ISBN: 978-80-247-4283-0 (Grada : brož.)
- Physical Description: 526 s. : il. ; 24 cm
- Edition: Vyd. 1.
- Publisher: Praha : Grada, 2012
Content descriptions
| General Note: | Vydáno ve spolupráci s Metropolitní univerzitou Praha |
| Bibliography, etc. Note: | Obsahuje bibliografii a rejstřík |
| Language Note: | Anglické resumé |
Search for related items by subject
| Genre: | kolektivní monografie collective monographs |
Available copies
- 1 of 1 copy available at Common Catalog SPOK.
Holds
- 0 current holds with 1 total copy.
Show All Copies
| Location | Call Number / Copy Notes | Barcode | Shelving Location | Status | Due Date |
|---|---|---|---|---|---|
| Jabok Library | Soc-5.3 | 424480028196 | Odborná literatura | Available | - |
| LDR | 03659nam a2200757 a 4500 | ||
|---|---|---|---|
| 001 | 17391 | ||
| 003 | CZ-PrJAB | ||
| 005 | 20130320080340.0 | ||
| 007 | ta | ||
| 008 | 130201s2012 xr a e 001 0 cze | ||
| 015 | . | ‡acnb002433698 | |
| 020 | . | ‡a978-80-247-4283-0 (Grada : brož.) | |
| 035 | . | ‡a(CONS)17391 | |
| 035 | . | ‡a(CZ PrSKC)nkc20122433698 | |
| 040 | . | ‡aABA001 ‡bcze | |
| 041 | 0 | . | ‡acze ‡beng |
| 043 | . | ‡ae-xr--- | |
| 045 | . | ‡ax8y1 | |
| 072 | 7. | ‡a328 ‡xZastupitelské orgány. Vlády. Politické systémy jednotlivých zemí ‡2Konspekt ‡915 | |
| 080 | . | ‡a321.7:316.42 ‡2MRF | |
| 080 | . | ‡a342.5 ‡2MRF | |
| 080 | . | ‡a328/329 ‡2MRF | |
| 080 | . | ‡a(437) ‡2MRF | |
| 080 | . | ‡a(437.3) ‡2MRF | |
| 080 | . | ‡a(048.8:082) ‡2MRF | |
| 245 | 0 | 0. | ‡aČeská demokracie po roce 1989 : ‡binstitucionální základy českého politického systému / ‡cJan Bureš ... [et al.] |
| 246 | 3 | 0. | ‡aInstitucionální základy českého politického systému |
| 250 | . | ‡aVyd. 1. | |
| 260 | . | ‡aPraha : ‡bGrada, ‡c2012 | |
| 300 | . | ‡a526 s. : ‡bil. ; ‡c24 cm | |
| 500 | . | ‡aVydáno ve spolupráci s Metropolitní univerzitou Praha | |
| 504 | . | ‡aObsahuje bibliografii a rejstřík | |
| 520 | 9 | . | ‡aPrvní kapitola sleduje zhroucení komunistického režimu v Československu a jeho příčiny, druhá kapitola popisuje politický vývoj v zemi během let 1989-1992, který byl charakterizován přechodem od totality k demokracii, třetí se zaměřuje na vývoj a postavení ústavních institucí ČR v letech 1993-2010, další mapuje volební systémy užívané v našem prostředí, pátá charakterizuje vývoj stranického systému a politických stran v ČSFR a ČR, šestá hodnotí vznik a fungování českých vlád do roku 2010 a závěrečná se pokouší o rozbor politické kultury v ČR. |
| 520 | 9 | . | ‡aUtváření nového politického systému po pádu komunismu a charakteristika politického vývoje v Československu a České republice. |
| 546 | . | ‡aAnglické resumé | |
| 648 | 7. | ‡a1989-1992 ‡7ch460665 ‡2czenas | |
| 648 | 7. | ‡aod 1993 ‡7ch462157 ‡2czenas | |
| 648 | 4. | ‡a1993-2010 | |
| 650 | 0 | 7. | ‡ademokratizace ‡7ph119377 ‡zČeskoslovensko ‡y1989-1992 ‡2czenas |
| 650 | 0 | 7. | ‡ademokratizace ‡7ph119377 ‡zČesko ‡yod 1993 ‡2czenas |
| 650 | 0 | 7. | ‡apolitický systém ‡7ph124258 ‡zČeskoslovensko ‡y1989-1992 ‡2czenas |
| 650 | 0 | 7. | ‡apolitický systém ‡7ph124258 ‡zČesko ‡yod 1993 ‡2czenas |
| 650 | 0 | 9. | ‡ademocratization ‡zCzechoslovakia ‡y1989-1992 ‡2eczenas |
| 650 | 0 | 9. | ‡ademocratization ‡zCzechia ‡y1993- ‡2eczenas |
| 650 | 0 | 9. | ‡apolitical system ‡zCzechoslovakia ‡y1989-1992 ‡2eczenas |
| 650 | 0 | 9. | ‡apolitical system ‡zCzechia ‡y1993- ‡2eczenas |
| 651 | 7. | ‡aČeskoslovensko ‡7ge131689 ‡xpolitika a vláda ‡y1989-1992 ‡2czenas | |
| 651 | 7. | ‡aČesko ‡7ge128065 ‡xpolitika a vláda ‡yod 1993 ‡2czenas | |
| 651 | 9. | ‡aCzechoslovakia ‡xpolitics and government ‡y1989-1992 ‡2eczenas | |
| 651 | 9. | ‡aCzechia ‡xpolitics and government ‡y1993- ‡2eczenas | |
| 655 | 7. | ‡akolektivní monografie ‡7fd501537 ‡2czenas | |
| 655 | 9. | ‡acollective monographs ‡2eczenas | |
| 700 | 1 | . | ‡aBureš, Jan, ‡d1975- ‡7jx20050826005 ‡4aut |
| 910 | . | ‡aABG312 | |
| 928 | 9 | . | ‡aMetropolitní univerzita Praha |
| 901 | . | ‡a17391 ‡b ‡c17391 ‡tbiblio | |